000 01485nam1a22003371 4500
001 RU\NLR\A1SV\131019
005 20260122153706.0
035 _a(NLR Aleph) 010532595
090 _a10263495
_c10263495
100 _a20141110d1925 u y0rusy50 ca
101 0 _arus
102 _aRU
200 1 _aПособие для руководителей экскурсий
_eСб. конспектов Центр. шк. станции гуманитарных экскурсий
_fПод ред. [и с предисл.] Н.А.Кузнецова и К.В.Ползиковой-Рубец
210 _aЛ.
_cИзд-во Кн. сектора ЛГОНО
_d1925
215 _d24 см
225 _aСер. Экскурс. практика Ленингр. отд. нар. образования
_fПод общ. ред. Н.А.Кузнецова
620 _dСанкт-Петербург
702 1 _aПолзикова-Рубец
_bК. В.
_f1889-1949
_gКсения Владимировна
702 1 _aКузнецов
_bН. А.
_gНиколай Александрович
712 0 2 _aЦентральная школьная мтанция гуманитарных экскурсий
_cЛенинград
801 0 _aRU
_bNLR
_c20141110
852 _aNLR
_j17/301-1-2
852 _aNLR
_j57-7/609-2
899 _aГПИБ
899 _aРГБ
899 _aНБ РК
_z(Вып.1)
899 _aКирОУНБ
_z(Вып.2)
942 _cBOOK
980 _aA1SV
980 _aNB